Monarchies du monde - Statistiques

Statistiques générales
  • Ce quiz a été pris 184 fois
  • Le résultat moyen est 27 sur 45
Statistiques - réponses
Réponse % Correct
Royaume-Uni
95%
Suède
95%
Norvège
93%
Belgique
89%
Espagne
87%
Danemark
86%
Arabie Saoudite
81%
Pays-Bas
81%
Andorre
79%
Monaco
78%
Japon
77%
Luxembourg
77%
Qatar
74%
Émirats arabes unis
73%
Liechtenstein
73%
Vatican
71%
Maroc
70%
Brunei
68%
Oman
66%
Thaïlande
66%
Bahreïn
64%
Australie
63%
Jordanie
63%
Canada
61%
Koweït
60%
Nouvelle-Zélande
56%
Eswatini
54%
Bhoutan
52%
Cambodge
50%
Lesotho
50%
Tonga
44%
Barbade
40%
Malaisie
40%
Samoa
40%
Sainte-Lucie
39%
Saint-Vincent
38%
Tuvalu
38%
Jamaïque
36%
Antigua-et-Barbuda
34%
Bahamas
34%
Grenade
34%
Salomon
34%
Saint-Christophe
32%
Belize
31%
Papouasie-Nouvelle-Guinée
20%
Aucun quiz correspondant
Distribution des résultats
% des personnes avec chaque résultat
Percentile par nombre de réponses
Votre historique - résultats
Vous n’avez pas pris ce quiz